00363nam a2200145 a 45000010005000000030009000050080041000140400028000550820019000831000023001022450027001252600033001523000010001856500022001952809CO-ViMGA141112s2004 ck r 000 u spa d aCO-ViMGAbspacCO-ViMGA04aCo863.44 E764o1 aEspinosa, Germán10aLos ojos del basilisco aBogotá : bAltamir, c1992 a214 p14aNOVELA COLOMBIANA